000 00840nam a2200217 a 4500
001 4128
005 20140414131852.0
008 090209s19uu xx 00 eng d
020 _a0-8239-3551-5
050 _aM 641.3
_bD92 2002
100 _aDunn-Georgiou, Elisha
245 _aEverything you need to know about organic foods /
_cby Elisha Dunn-Georgiou.
260 _aNew York :
_bThe Rosen,
_cc2002.
300 _a64 p. : col., ill. cm.
440 _aThe need to know library
500 _aIncludes bibliographical references and index.
520 _aDiscusses the organic food movement and recent information about the United States Department of Agriculture's criteria for what defines an organic food.
650 _aNatural foods
_xJuvenile literature.
650 _aOrganic gardening
_xJuvenile literature.
999 _c110241
_d110241